| 000 | 01350nam a2200337 i 4500 | ||
|---|---|---|---|
| 003 | EG-ScBUE | ||
| 005 | 20240129140747.0 | ||
| 008 | 170727s1991 ua a f 001 0dara d | ||
| 040 |
_aEG-ScBUE _bara _erda _cEG-ScBUE _dEG-ScBUE |
||
| 043 | _af-ua--- | ||
| 082 | 0 | 4 |
_a962.04 _bآ ث ا _222 |
| 245 | 0 | 0 |
_aآثار الزعيم سعد زغلول : _bعهد وزارة الشعب. _nالجزء الأول، _pنوفمبر سنة 1927 / _cجمعها ورتبها محمد إبراهيم الحريري. |
| 246 | 3 | 0 | _aنوفمبر سنة 1927 |
| 250 | _aالطبعة الأولى. | ||
| 264 | 1 |
_aالقاهرة : _bمكتبة مدبولي، _c1991. |
|
| 300 |
_a424 صفحة : _bإيضاحيات ؛ _c24 سم. |
||
| 336 |
_2rdacontent _aنص _btxt |
||
| 337 |
_aبدون وسيط _2rdamedia _bn |
||
| 338 |
_aمجلد _bnc _2rdacarrier |
||
| 490 | 0 |
_aصفحات من تاريخ مصر ؛ _v16 |
|
| 500 | _aيشتمل على كشافات. | ||
| 590 | _aسارة | ||
| 600 | 0 | 7 |
_aسعد زغلول، _cباشا، _d1927-1857 _xنشاط سياسي. _2BUEsh |
| 650 | _2BUEsh | ||
| 651 | 7 |
_aمصر _xتاريخ _yثورة، 1919. _2BUEsh _931173 |
|
| 651 | 7 |
_aمصر _xسياسة وحكومة _y1918-1939. _2BUEsh |
|
| 653 |
_bGGEN _bBUSBOL _cJuly2017 |
||
| 655 | _vReading book | ||
| 700 | 1 |
_aحريري، محمد إبراهيم، _eمجمع. |
|
| 942 | _2ddc | ||
| 999 |
_c25081 _d25053 |
||